[Event "44º Torneo Internacional de Ajedrez de La Roda"]
[Site "La Roda (Albacete) - ESPAÑA"]
[Date "2017.04.15"]
[Round "7"]
[Board "16"]
[White "Moreno Ruiz, Javier"]
[Black "Santos, Antonio P"]
[Result "1/2-1/2"]
[WhiteElo "2454"]
[BlackElo "2242"]
[PlyCount "93"]
[EventDate "2017.04.12"]
[EventRounds "9"]
[EventCountry "ESP"]

1. e4 c5 2. Nc3 Nc6 3. f4 g6 4. Nf3 Bg7 5. Bb5 Nd4 6. O-O Nxb5 7. Nxb5 Nf6 8.
e5 Nd5 9. d4 Nc7 10. a4 a6 11. Nc3 cxd4 12. Qxd4 O-O 13. Be3 d6 14. Rad1 b5 15.
Qb6 Bf5 16. exd6 exd6 17. Rxd6 Qe7 18. Bc5 Rfb8 19. Qc6 Ne6 20. Nd5 Qb7 21. Ba3
Be4 22. c3 Bxd5 23. Qxd5 Qxd5 24. Rxd5 Nxf4 25. Rd7 Rd8 26. Rfd1 Rxd7 27. Rxd7
bxa4 28. Ng5 f6 29. Ne4 f5 30. Nc5 Re8 31. Kf1 Bf8 32. Nxa4 Bxa3 33. bxa3 Re4
34. Nb6 Ne6 35. Nd5 Ra4 36. Nf6+ Kf8 37. Nxh7+ Ke8 38. Nf6+ Kf8 39. Nd5 Rxa3
40. c4 Ra1+ 41. Kf2 Rc1 42. Nb6 Rc2+ 43. Kf3 Rc3+ 44. Ke2 Rc2+ 45. Kf3 Rc3+ 46.
Ke2 Rc2+ 47. Kf3 1/2-1/2

[Event "44º Torneo Internacional de Ajedrez de La Roda"]
[Site "La Roda (Albacete) - ESPAÑA"]
[Date "2017.04.15"]
[Round "7"]
[Board "17"]
[White "Campora, Daniel H."]
[Black "Castellanos Gomez, Alejandro"]
[Result "1-0"]
[WhiteElo "2439"]
[BlackElo "2228"]
[PlyCount "129"]
[EventDate "2017.04.12"]
[EventRounds "9"]
[EventCountry "ESP"]

1. e4 e6 2. d4 d5 3. Nd2 Nf6 4. Bd3 c5 5. e5 Nfd7 6. c3 Nc6 7. Ne2 Be7 8. O-O
cxd4 9. cxd4 Nb6 10. a3 a5 11. b3 a4 12. b4 Bd7 13. Bb2 g6 14. g3 Rc8 15. h4
Na7 16. Nc3 Kf8 17. Rc1 h5 18. Re1 g5 19. hxg5 Bxg5 20. Rc2 Bxd2 21. Qxd2 h4
22. Qf4 Qe7 23. Bc1 Nb5 24. Nxb5 Rxc2 25. Bxc2 Bxb5 26. Re3 Ke8 27. Rc3 Nc4 28.
Qg4 hxg3 29. fxg3 Qf8 30. Bg5 Qg7 31. Qf4 Rg8 32. Bf6 Qg4 33. Kf2 Kd7 34. Bh4
Qxf4+ 35. gxf4 Rh8 36. Kg3 Nd2 37. Rc5 Bc4 38. Bxa4+ b5 39. Bxb5+ Bxb5 40. Rxb5
Ne4+ 41. Kg4 Kc6 42. Ra5 Kb6 43. a4 Rg8+ 44. Bg5 Nc3 45. Kf3 Ne4 46. Be7 Rg3+
47. Ke2 Rg2+ 48. Kf1 Rf2+ 49. Ke1 Rxf4 50. Bd8+ Kb7 51. Rb5+ Ka7 52. Bb6+ Kb7
53. Bc5+ Kc6 54. Rb6+ Kc7 55. a5 Rf2 56. Bd6+ Kc8 57. Rc6+ Kb7 58. b5 Ra2 59.
a6+ Ka7 60. Rc7+ Ka8 61. Rc8+ Ka7 62. Bc5+ Nxc5 63. dxc5 Rb2 64. Rc7+ Kb8 65.
b6 1-0

[Event "44º Torneo Internacional de Ajedrez de La Roda"]
[Site "La Roda (Albacete) - ESPAÑA"]
[Date "2017.04.15"]
[Round "7"]
[Board "18"]
[White "Suarez Uriel, Adrian"]
[Black "Alvarez Serrano, Carlos"]
[Result "1-0"]
[WhiteElo "2411"]
[BlackElo "2190"]
[PlyCount "75"]
[EventDate "2017.04.12"]
[EventRounds "9"]
[EventCountry "ESP"]

1. e4 c5 2. Nf3 d6 3. d4 cxd4 4. Nxd4 Nf6 5. Nc3 a6 6. h3 e6 7. g4 h6 8. Bg2 g5
9. Be3 Nbd7 10. Qe2 Ne5 11. O-O Be7 12. Rad1 Qc7 13. f4 gxf4 14. Bxf4 Nfd7 15.
Kh1 b5 16. a3 Bb7 17. Qf2 Rh7 18. Qg3 Nf8 19. Qe1 Nfg6 20. Bg3 h5 21. g5 h4 22.
Bh2 Bc8 23. Nf5 Bb7 24. Nxe7 Qxe7 25. b3 Rh5 26. Ne2 Rc8 27. Nf4 Rxg5 28. Nxg6
Rxg6 29. Rf2 Qc7 30. Rfd2 Qe7 31. Qe3 f5 32. Rg1 Rxg2 33. Kxg2 Bxe4+ 34. Kf2
Qf8 35. Qa7 Qf7 36. Qxa6 Rxc2 37. Rxc2 Bxc2 38. Bxe5 1-0

[Event "44º Torneo Internacional de Ajedrez de La Roda"]
[Site "La Roda (Albacete) - ESPAÑA"]
[Date "2017.04.15"]
[Round "7"]
[Board "19"]
[White "Pilgaard, Kim"]
[Black "Nieves Cabanes, Javier"]
[Result "1-0"]
[WhiteElo "2381"]
[BlackElo "2172"]
[PlyCount "55"]
[EventDate "2017.04.12"]
[EventRounds "9"]
[EventCountry "ESP"]

1. d4 Nf6 2. c4 c5 3. d5 b5 4. cxb5 a6 5. bxa6 g6 6. Nc3 Bg7 7. Nf3 Bxa6 8. g3
d6 9. Bg2 Nbd7 10. Rb1 O-O 11. O-O Qa5 12. Bd2 Rfb8 13. Qc2 Qc7 14. b3 Nb6 15.
Nh4 Qb7 16. Rfd1 Nbxd5 17. Nxd5 Nxd5 18. Bh6 Nb4 19. Qd2 Nc6 20. Bxg7 Kxg7 21.
b4 cxb4 22. Rdc1 Rc8 23. Qc2 Bb5 24. Rxb4 Kg8 25. Qb1 Rab8 26. Bxc6 Rxc6 27.
Rxc6 Qxc6 28. a4 1-0

[Event "44º Torneo Internacional de Ajedrez de La Roda"]
[Site "La Roda (Albacete) - ESPAÑA"]
[Date "2017.04.15"]
[Round "7"]
[Board "20"]
[White "Sanchez Jerez, Emilio Miguel"]
[Black "Guerra Rivera, Salvador"]
[Result "0-1"]
[WhiteElo "2219"]
[BlackElo "2358"]
[PlyCount "60"]
[EventDate "2017.04.12"]
[EventRounds "9"]
[EventCountry "ESP"]

1. g3 g6 2. Bg2 Bg7 3. f4 d5 4. Nf3 c6 5. O-O Qb6+ 6. d4 Nh6 7. e3 O-O 8. Qe2
Nd7 9. c4 Qa6 10. Na3 Nf6 11. Ne5 Nf5 12. b4 Nd6 13. b5 cxb5 14. Nxb5 Qb6 15.
a4 dxc4 16. Ba3 Be6 17. Bc5 Qd8 18. e4 Nxb5 19. axb5 Nd7 20. Bxa7 Nxe5 21. dxe5
Qd7 22. Bc5 Rxa1 23. Rxa1 Rc8 24. Rd1 Qxb5 25. Bxe7 Qb6+ 26. Qf2 Qb3 27. Qd4 c3
28. Qd8+ Bf8 29. Bxf8 Rxd8 30. Rxd8 Qb6+ 0-1

[Event "44º Torneo Internacional de Ajedrez de La Roda"]
[Site "La Roda (Albacete) - ESPAÑA"]
[Date "2017.04.16"]
[Round "8"]
[Board "1"]
[White "Andriasian, Zaven"]
[Black "Vorobiov, Evgeny E."]
[Result "1/2-1/2"]
[WhiteElo "2615"]
[BlackElo "2584"]
[PlyCount "29"]
[EventDate "2017.04.12"]
[EventRounds "9"]
[EventCountry "ESP"]

1. Nf3 Nf6 2. c4 c6 3. g3 g6 4. Bg2 Bg7 5. O-O d5 6. cxd5 cxd5 7. d4 O-O 8. Nc3
Nc6 9. Ne5 e6 10. Nxc6 bxc6 11. Bf4 Nh5 12. Be3 Nf6 13. Bf4 Nh5 14. Be3 Nf6 15.
Bf4 1/2-1/2

[Event "44º Torneo Internacional de Ajedrez de La Roda"]
[Site "La Roda (Albacete) - ESPAÑA"]
[Date "2017.04.16"]
[Round "8"]
[Board "2"]
[White "Perez Candelario, Manuel"]
[Black "Peralta, Fernando"]
[Result "1/2-1/2"]
[WhiteElo "2576"]
[BlackElo "2565"]
[PlyCount "48"]
[EventDate "2017.04.12"]
[EventRounds "9"]
[EventCountry "ESP"]

1. e4 c6 2. d4 d5 3. e5 Bf5 4. h4 h5 5. Bd3 Bxd3 6. Qxd3 e6 7. Bg5 Be7 8. Nf3
Nh6 9. Bxh6 Rxh6 10. Nbd2 c5 11. dxc5 Na6 12. Nb3 Rc8 13. O-O-O Nxc5 14. Nxc5
Rxc5 15. Kb1 Qc7 16. c3 Kf8 17. Qe2 Qb6 18. Rd3 Qa6 19. Rhd1 Ra5 20. b4 Ra3 21.
Qb2 Rg6 22. g3 Rg4 23. Rd4 Qa4 24. Ne1 Rxd4 1/2-1/2

[Event "44º Torneo Internacional de Ajedrez de La Roda"]
[Site "La Roda (Albacete) - ESPAÑA"]
[Date "2017.04.16"]
[Round "8"]
[Board "3"]
[White "Guerra Mendez, Jose Angel"]
[Black "Forcen Esteban, Daniel"]
[Result "1-0"]
[WhiteElo "2542"]
[BlackElo "2530"]
[PlyCount "65"]
[EventDate "2017.04.12"]
[EventRounds "9"]
[EventCountry "ESP"]

1. e4 c5 2. Nf3 d6 3. d4 Nf6 4. Nc3 cxd4 5. Nxd4 a6 6. Bc4 e6 7. Bb3 Nbd7 8.
O-O Nc5 9. Bg5 Be7 10. Re1 Qc7 11. f4 h6 12. Bh4 O-O 13. e5 dxe5 14. fxe5 Nh7
15. Bxe7 Qxe7 16. Ne4 Nxe4 17. Rxe4 b5 18. c3 Bb7 19. Rg4 Rac8 20. Qd3 Rc5 21.
Re1 h5 22. Rg3 Rd8 23. Qe3 Kh8 24. Rf1 Bd5 25. Bc2 g6 26. b3 Rdc8 27. Ne2 Qc7
28. Qh6 Qa7 29. Kh1 Qb7 30. Nf4 Rxc3 31. Rxc3 Rxc3 32. Nxg6+ fxg6 33. Rf8# 1-0

[Event "44º Torneo Internacional de Ajedrez de La Roda"]
[Site "La Roda (Albacete) - ESPAÑA"]
[Date "2017.04.16"]
[Round "8"]
[Board "4"]
[White "Martin Duque, Jesus"]
[Black "Gharamian, Tigran"]
[Result "0-1"]
[WhiteElo "2353"]
[BlackElo "2625"]
[PlyCount "76"]
[EventDate "2017.04.12"]
[EventRounds "9"]
[EventCountry "ESP"]

1. e4 d6 2. d4 g6 3. Nc3 Bg7 4. Be3 a6 5. Qd2 b5 6. f3 Nd7 7. h4 h5 8. a4 b4 9.
Nce2 Rb8 10. Nh3 e5 11. Nf2 exd4 12. Bxd4 Ngf6 13. Ba7 Rb7 14. Be3 Ne5 15. Nc1
a5 16. Nb3 c6 17. O-O-O Rd7 18. Be2 O-O 19. f4 Neg4 20. Nxg4 hxg4 21. Bd3 Re8
22. Rhe1 Rde7 23. Bd4 Nxe4 24. Bxe4 Rxe4 25. Rxe4 Rxe4 26. Bxg7 Kxg7 27. g3 d5
28. Nc5 Rc4 29. Nb3 Bf5 30. Nd4 Bxc2 31. Nxc2 b3 32. Qd4+ Rxd4 33. Nxd4 Qb6 34.
f5 c5 35. Nb5 d4 36. Rf1 Qb8 37. fxg6 fxg6 38. Rf4 Qxf4+ 0-1

[Event "44º Torneo Internacional de Ajedrez de La Roda"]
[Site "La Roda (Albacete) - ESPAÑA"]
[Date "2017.04.16"]
[Round "8"]
[Board "5"]
[White "Korneev, Oleg"]
[Black "Trigo Urquijo, Sergio"]
[Result "1/2-1/2"]
[WhiteElo "2594"]
[BlackElo "2397"]
[PlyCount "103"]
[EventDate "2017.04.12"]
[EventRounds "9"]
[EventCountry "ESP"]

1. e4 d6 2. d4 Nf6 3. Nc3 e5 4. Nf3 Nbd7 5. Bc4 Be7 6. O-O O-O 7. Re1 a6 8. a4
b6 9. Ba2 c6 10. h3 Rb8 11. Be3 b5 12. axb5 axb5 13. b4 Qc7 14. Bb3 h6 15. Qd3
Re8 16. d5 Bb7 17. dxc6 Bxc6 18. Nh4 Bf8 19. Ng6 Nb6 20. Nxb5 Bxb5 21. Qxb5
Nbd5 22. Qa5 Rxb4 23. Qxc7 Nxc7 24. Nxf8 Kxf8 25. f3 Rb7 26. Red1 Ke7 27. Rd3
Ne6 28. Ra6 Nc5 29. Bxc5 dxc5 30. Bc4 Rc8 31. Kf2 Rcc7 32. Rb3 Rxb3 33. cxb3
Ne8 34. Ke3 Nd6 35. Kd3 h5 36. h4 Rb7 37. Bd5 Rc7 38. Ra8 Nc8 39. Ra6 Nd6 40.
g3 g6 41. Ra8 Nc8 42. Rb8 Nd6 43. g4 hxg4 44. fxg4 Ra7 45. Rb6 Ra1 46. Rc6 Rh1
47. Rxc5 Rh3+ 48. Kc2 Rxh4 49. b4 Rxg4 50. b5 Nxe4 51. Rc7+ Kd6 52. b6 1/2-1/2

[Event "44º Torneo Internacional de Ajedrez de La Roda"]
[Site "La Roda (Albacete) - ESPAÑA"]
[Date "2017.04.16"]
[Round "8"]
[Board "6"]
[White "Ramiro Ovejero, Juan Luis"]
[Black "Cifuentes Parada, Roberto"]
[Result "1-0"]
[WhiteElo "2398"]
[BlackElo "2467"]
[PlyCount "65"]
[EventDate "2017.04.12"]
[EventRounds "9"]
[EventCountry "ESP"]

1. e4 c5 2. Nf3 g6 3. c3 Bg7 4. d4 cxd4 5. cxd4 d5 6. e5 Nh6 7. Bb5+ Bd7 8.
Bxd7+ Qxd7 9. O-O O-O 10. Re1 Nc6 11. Bf4 f6 12. e6 Qd8 13. h3 g5 14. Bh2 Qb6
15. Nc3 Rfd8 16. Na4 Qb5 17. Rc1 Rac8 18. Rc5 Qa6 19. Nc3 f5 20. Nxd5 Qxa2 21.
b3 Re8 22. Ne5 Rcd8 23. Qh5 Nxd4 24. Nf7 Qd2 25. Nxh6+ Kh8 26. Nf7+ Kg8 27.
Rcc1 Ne2+ 28. Qxe2 Rxd5 29. Qxd2 Rxd2 30. Nxg5 Bd4 31. Bg3 f4 32. Bh4 Rb2 33.
Nf3 1-0

[Event "44º Torneo Internacional de Ajedrez de La Roda"]
[Site "La Roda (Albacete) - ESPAÑA"]
[Date "2017.04.16"]
[Round "8"]
[Board "7"]
[White "Espinosa Aranda, Angel"]
[Black "Quintin Navarro, Alberto"]
[Result "1/2-1/2"]
[WhiteElo "2446"]
[BlackElo "2349"]
[PlyCount "35"]
[EventDate "2017.04.12"]
[EventRounds "9"]
[EventCountry "ESP"]

1. e4 e5 2. Nf3 Nc6 3. Nc3 Nf6 4. d4 exd4 5. Nxd4 Bb4 6. Nxc6 bxc6 7. Bd3 d5 8.
exd5 cxd5 9. O-O O-O 10. h3 Re8 11. Qf3 c6 12. Bf4 Bd6 13. Rae1 Rxe1 14. Rxe1
Bxf4 15. Qxf4 Be6 16. Bf5 Bxf5 17. Qxf5 Qd6 18. Qe5 1/2-1/2

[Event "44º Torneo Internacional de Ajedrez de La Roda"]
[Site "La Roda (Albacete) - ESPAÑA"]
[Date "2017.04.16"]
[Round "8"]
[Board "8"]
[White "Baklan, Vladimir"]
[Black "Lopez Mulet, Inigo"]
[Result "1-0"]
[WhiteElo "2600"]
[BlackElo "2301"]
[PlyCount "87"]
[EventDate "2017.04.12"]
[EventRounds "9"]
[EventCountry "ESP"]

1. e4 e6 2. d4 d5 3. Nd2 c5 4. exd5 Qxd5 5. dxc5 Nf6 6. Ngf3 Nbd7 7. b4 b6 8.
Bc4 Qc6 9. Qe2 bxc5 10. b5 Qc7 11. Bb2 Bd6 12. O-O O-O 13. Bd3 Bb7 14. c4 Rad8
15. Rfe1 Rfe8 16. Rad1 Nf8 17. Ne4 Be7 18. Nxf6+ Bxf6 19. Bxf6 gxf6 20. Be4 Ng6
21. g3 Bxe4 22. Qxe4 Qa5 23. Qc2 Rxd1 24. Rxd1 Rd8 25. Rxd8+ Qxd8 26. h4 Ne7
27. Qd2 Qa8 28. Qd3 Kg7 29. a4 Qb7 30. h5 h6 31. a5 Qc7 32. a6 Nf5 33. Qe4 Qd7
34. Kg2 Nd6 35. Qd3 Qc7 36. Nd2 f5 37. Qc3+ f6 38. Qe3 Qc8 39. Qf3 Kf7 40. Qf4
Qf8 41. Nb3 Nc8 42. Qc7+ Kg8 43. Nxc5 Qe8 44. Nd7 1-0

[Event "44º Torneo Internacional de Ajedrez de La Roda"]
[Site "La Roda (Albacete) - ESPAÑA"]
[Date "2017.04.16"]
[Round "8"]
[Board "9"]
[White "Antal, Gergely"]
[Black "Alshameary Puente, Ismael"]
[Result "1/2-1/2"]
[WhiteElo "2523"]
[BlackElo "2317"]
[PlyCount "114"]
[EventDate "2017.04.12"]
[EventRounds "9"]
[EventCountry "ESP"]

1. e4 c5 2. Nf3 d6 3. Bb5+ Bd7 4. Bxd7+ Qxd7 5. O-O Nf6 6. Qe2 Nc6 7. c3 e6 8.
d3 Be7 9. Na3 O-O 10. Nc2 b5 11. Rd1 Qb7 12. Bg5 a5 13. d4 cxd4 14. cxd4 d5 15.
Bxf6 Bxf6 16. exd5 exd5 17. Ne3 Rfe8 18. Rac1 g6 19. Rc5 Rab8 20. Qd2 Re4 21.
Nxd5 Bxd4 22. Qc2 Bxc5 23. Nf6+ Kg7 24. Nxe4 Be7 25. Qc3+ Kg8 26. Nf6+ Bxf6 27.
Qxf6 Rc8 28. h4 Qe7 29. Qf4 Qb4 30. Qf6 Qe7 31. Qf4 Qb4 32. Qxb4 Nxb4 33. a3
Na6 34. Rd6 Nc5 35. Rb6 Nd3 36. Rxb5 a4 37. Ng5 Rc2 38. Rb8+ Kg7 39. Rb7 h6 40.
Nxf7 Nxf2 41. Nd6+ Kg8 42. Rb4 h5 43. Kh2 Ng4+ 44. Kg3 Ne3 45. Ne4 Nd1 46. Rxa4
Rxb2 47. Ra8+ Kf7 48. Ng5+ Ke7 49. Ra6 Kd7 50. Rxg6 Ne3 51. Rg7+ Kc6 52. Rh7
Nxg2 53. Rxh5 Nxh4 54. Rxh4 Rb3+ 55. Kf4 Rxa3 56. Rh6+ Kd5 57. Ne6 Ra1 1/2-1/2

[Event "44º Torneo Internacional de Ajedrez de La Roda"]
[Site "La Roda (Albacete) - ESPAÑA"]
[Date "2017.04.16"]
[Round "8"]
[Board "10"]
[White "Plazuelo Pascual, Juan"]
[Black "Burmakin, Vladimir"]
[Result "1/2-1/2"]
[WhiteElo "2319"]
[BlackElo "2518"]
[PlyCount "59"]
[EventDate "2017.04.12"]
[EventRounds "9"]
[EventCountry "ESP"]

1. d4 Nf6 2. Nf3 e6 3. e3 c5 4. Bd3 d5 5. b3 cxd4 6. exd4 Bb4+ 7. c3 Be7 8. O-O
O-O 9. Bb2 b6 10. c4 Bb7 11. Nbd2 Nc6 12. Rc1 Rc8 13. Qe2 Bd6 14. Rfd1 Ne7 15.
Ne5 Ng6 16. g3 Qe7 17. h4 Rfd8 18. Ndf3 Ne4 19. Bxe4 dxe4 20. Ng5 Nxh4 21. Qh5
Nf3+ 22. Nexf3 h6 23. Qxf7+ Qxf7 24. Nxf7 Kxf7 25. Ne5+ Bxe5 26. dxe5 Rd3 27.
Kf1 h5 28. Ke2 Rcd8 29. Rxd3 exd3+ 30. Ke3 1/2-1/2

[Event "44º Torneo Internacional de Ajedrez de La Roda"]
[Site "La Roda (Albacete) - ESPAÑA"]
[Date "2017.04.16"]
[Round "8"]
[Board "11"]
[White "Quirhuayo Chumbe, German Gonza"]
[Black "Suarez Gomez, Julio"]
[Result "0-1"]
[WhiteElo "2291"]
[BlackElo "2460"]
[PlyCount "72"]
[EventDate "2017.04.12"]
[EventRounds "9"]
[EventCountry "ESP"]

1. e4 c5 2. Nf3 e6 3. d4 cxd4 4. Nxd4 Nc6 5. Nc3 Qc7 6. Qd3 Nf6 7. Ndb5 Qb8 8.
Qg3 d6 9. Be3 a6 10. Nd4 Bd7 11. Bd3 g6 12. O-O Bg7 13. Nxc6 Bxc6 14. f4 b5 15.
Rae1 b4 16. Nd5 Bxd5 17. exd5 Nxd5 18. f5 Be5 19. Qf3 Nxe3 20. fxe6 Nf5 21.
Qc6+ Kf8 22. Bxf5 gxf5 23. Rxf5 Ra7 24. exf7 h6 25. Qc4 Rh7 26. Ref1 Re7 27.
Kh1 a5 28. Qd5 Rg7 29. b3 Rg5 30. R5f3 Rg7 31. Rf5 Qc8 32. h4 Qb8 33. h5 Rg4
34. Kg1 Qa7+ 35. R1f2 Bg3 36. Qxd6 Bxd6 0-1

[Event "44º Torneo Internacional de Ajedrez de La Roda"]
[Site "La Roda (Albacete) - ESPAÑA"]
[Date "2017.04.16"]
[Round "8"]
[Board "12"]
[White "Figuero Toro, Julian Francisco"]
[Black "Campora, Daniel H."]
[Result "1/2-1/2"]
[WhiteElo "2259"]
[BlackElo "2439"]
[PlyCount "73"]
[EventDate "2017.04.12"]
[EventRounds "9"]
[EventCountry "ESP"]

1. g3 d5 2. c4 d4 3. Bg2 e5 4. d3 Nf6 5. Nf3 Nc6 6. O-O Bd6 7. Na3 O-O 8. Nc2
Re8 9. a3 a5 10. b3 h6 11. Rb1 Bg4 12. Nd2 Qd7 13. b4 axb4 14. axb4 Bh3 15. Ne4
Be7 16. Nxf6+ Bxf6 17. e4 dxe3 18. Nxe3 Bxg2 19. Kxg2 Nd4 20. Nd5 Bd8 21. Bb2
c6 22. Bxd4 exd4 23. Nf4 Bg5 24. Qf3 Ra2 25. b5 Re3 26. bxc6 bxc6 27. Qh5 Bxf4
28. gxf4 Kh7 29. Rb8 Re6 30. Kh1 Rg6 31. Qf3 Qf5 32. Re8 Ra3 33. Re4 c5 34. Rg1
Rxg1+ 35. Kxg1 Qg6+ 36. Kf1 Qb6 37. Re1 1/2-1/2

[Event "44º Torneo Internacional de Ajedrez de La Roda"]
[Site "La Roda (Albacete) - ESPAÑA"]
[Date "2017.04.16"]
[Round "8"]
[Board "13"]
[White "Mingarro Carceller, Sergi"]
[Black "Suarez Uriel, Adrian"]
[Result "0-1"]
[WhiteElo "2285"]
[BlackElo "2411"]
[PlyCount "107"]
[EventDate "2017.04.12"]
[EventRounds "9"]
[EventCountry "ESP"]

1. e4 c5 2. Nf3 Nc6 3. d4 cxd4 4. Nxd4 e5 5. Nb5 d6 6. N1c3 a6 7. Na3 b5 8. Nd5
Nge7 9. c4 Nd4 10. Bd3 Nxd5 11. cxd5 Be7 12. O-O O-O 13. Nc2 Nxc2 14. Qxc2 Bd7
15. Bd2 Qb8 16. Ba5 Bd8 17. Qd2 Bxa5 18. Qxa5 Rc8 19. Rfc1 Qa7 20. Bf1 g6 21.
Qd2 Kg7 22. g3 a5 23. h4 h5 24. Kh2 Qd4 25. Qxd4 exd4 26. Kg2 b4 27. Rd1 Rc2
28. Rab1 f5 29. Bd3 Rcc8 30. exf5 gxf5 31. Be2 f4 32. Rxd4 fxg3 33. Kxg3 Kh6
34. Bd3 Rg8+ 35. Kf4 Rac8 36. Ke3 Rce8+ 37. Kd2 Rgf8 38. f4 Rg8 39. Rf1 Rg2+
40. Kc1 Rc8+ 41. Kb1 Rd2 42. f5 Bb5 43. Bxb5 Rxd4 44. Bd7 Rf8 45. Be6 Kg7 46.
f6+ Rxf6 47. Rg1+ Kh6 48. Kc2 Rxh4 49. Kb3 Rf2 50. Rg8 Rhh2 51. Ka4 Rxb2 52.
Kxa5 Rh4 53. Bf5 Rxa2+ 54. Kb6 0-1

[Event "44º Torneo Internacional de Ajedrez de La Roda"]
[Site "La Roda (Albacete) - ESPAÑA"]
[Date "2017.04.16"]
[Round "8"]
[Board "14"]
[White "Galiana Fernandez, Adrian"]
[Black "Pilgaard, Kim"]
[Result "1/2-1/2"]
[WhiteElo "2250"]
[BlackElo "2381"]
[PlyCount "116"]
[EventDate "2017.04.12"]
[EventRounds "9"]
[EventCountry "ESP"]

1. e4 e5 2. Nf3 Nc6 3. Bb5 a6 4. Bxc6 dxc6 5. Nc3 f6 6. d4 exd4 7. Nxd4 c5 8.
Nde2 Qxd1+ 9. Nxd1 Bd7 10. Bf4 O-O-O 11. Ne3 Ne7 12. O-O-O g5 13. Bg3 Bg7 14.
h4 h6 15. Nd5 Nxd5 16. Rxd5 b6 17. Rhd1 Be6 18. Rxd8+ Rxd8 19. Rxd8+ Kxd8 20.
f3 f5 21. exf5 Bd7 22. Be1 Bxf5 23. hxg5 hxg5 24. Bc3 Bf8 25. Bf6+ Be7 26.
Bxe7+ Kxe7 27. g4 Bg6 28. Kd2 Kf6 29. c3 Ke5 30. Ke3 Bf7 31. a3 Be6 32. Ng1 a5
33. Nh3 Kf6 34. Nf2 Bd7 35. f4 gxf4+ 36. Kxf4 Be8 37. Nd3 Bg6 38. Ne5 Bc2 39.
Nc4 Bb3 40. Ne3 Bf7 41. g5+ Ke6 42. Ng2 Bg6 43. Kg4 Ke5 44. Nh4 Be4 45. Kh5 b5
46. g6 Bxg6+ 47. Kxg6 Kd5 48. Kf5 Kc4 49. Ke5 b4 50. Ng2 Kb3 51. Kd5 Kxb2 52.
cxb4 cxb4 53. axb4 axb4 54. Kc4 b3 55. Ne1 Ka2 56. Nd3 b2 57. Nxb2 Kxb2 58. Kc5
Kc3 1/2-1/2

[Event "44º Torneo Internacional de Ajedrez de La Roda"]
[Site "La Roda (Albacete) - ESPAÑA"]
[Date "2017.04.16"]
[Round "8"]
[Board "15"]
[White "Guerra Rivera, Salvador"]
[Black "Villar Reymundo, Juan Antonio"]
[Result "1-0"]
[WhiteElo "2358"]
[BlackElo "2230"]
[PlyCount "82"]
[EventDate "2017.04.12"]
[EventRounds "9"]
[EventCountry "ESP"]

1. e4 c5 2. Nf3 Nc6 3. Nc3 e5 4. Bc4 Be7 5. O-O d6 6. d3 Nf6 7. Ng5 O-O 8. f4
exf4 9. Bxf4 Nd4 10. Qd2 Bd7 11. a4 Bc6 12. Rae1 h6 13. Nf3 Ne6 14. e5 dxe5 15.
Nxe5 Nxf4 16. Qxf4 Bd6 17. Nxc6 bxc6 18. Qh4 Re8 19. Ne4 Nd5 20. Qh5 Qc7 21.
Bxd5 cxd5 22. Qxd5 Bxh2+ 23. Kh1 Rab8 24. Qxc5 Qxc5 25. Nxc5 Rxe1 26. Rxe1 Bg3
27. Rb1 f5 28. d4 a5 29. Kg1 Kf7 30. Kf1 Re8 31. Rd1 g5 32. c3 Ke7 33. Ke2 h5
34. Rf1 Rf8 35. Nd3 Ke6 36. c4 Rd8 37. d5+ Kf6 38. Nc5 Re8+ 39. Kd3 h4 40. Ne6
Be5 41. b3 g4 1-0

[Event "44º Torneo Internacional de Ajedrez de La Roda"]
[Site "La Roda (Albacete) - ESPAÑA"]
[Date "2017.04.16"]
[Round "8"]
[Board "16"]
[White "Nieves Cabanes, Jose Manuel"]
[Black "Esplugas Esteve, Vicenc"]
[Result "1/2-1/2"]
[WhiteElo "2206"]
[BlackElo "2342"]
[PlyCount "43"]
[EventDate "2017.04.12"]
[EventRounds "9"]
[EventCountry "ESP"]

1. Nf3 Nf6 2. c4 e6 3. g3 d5 4. Bg2 Be7 5. O-O O-O 6. d4 dxc4 7. Qa4 a6 8. Qxc4
b5 9. Qc2 Bb7 10. Nbd2 Nbd7 11. a4 c5 12. Nb3 cxd4 13. axb5 e5 14. bxa6 Be4 15.
Qd1 Qc8 16. Ne1 Bxg2 17. Nxg2 Rxa6 18. Rxa6 Qxa6 19. f4 Rd8 20. fxe5 Nxe5 21.
Nxd4 Qb6 22. e3 1/2-1/2

[Event "44º Torneo Internacional de Ajedrez de La Roda"]
[Site "La Roda (Albacete) - ESPAÑA"]
[Date "2017.04.16"]
[Round "8"]
[Board "17"]
[White "Garcia Martin, Marta"]
[Black "Blazquez Lopez, Berna"]
[Result "1-0"]
[WhiteElo "2323"]
[BlackElo "2203"]
[PlyCount "79"]
[EventDate "2017.04.12"]
[EventRounds "9"]
[EventCountry "ESP"]

1. e4 c6 2. Nf3 d5 3. Nc3 Bg4 4. h3 Bxf3 5. Qxf3 e6 6. d4 Nf6 7. Bd3 dxe4 8.
Nxe4 Nxe4 9. Qxe4 Nd7 10. O-O Nf6 11. Qh4 Be7 12. Re1 Nd5 13. Qg3 Bf6 14. c3
O-O 15. Re4 g6 16. h4 Bg7 17. h5 Ne7 18. Qh3 Nf5 19. hxg6 hxg6 20. g4 Nd6 21.
Re2 Re8 22. Bf4 c5 23. Be5 cxd4 24. cxd4 Rc8 25. b3 Rc3 26. Re3 a6 27. Kg2 Bxe5
28. dxe5 Nb5 29. Rh1 Qd5+ 30. Kg3 Kf8 31. Qh8+ Ke7 32. Qf6+ Kd7 33. Bxb5+ axb5
34. Rxc3 Qxh1 35. Qxf7+ Re7 36. Rd3+ Kc6 37. Qxe7 Qg1+ 38. Kf3 Qh1+ 39. Ke2
Qe4+ 40. Kd2 1-0

[Event "44º Torneo Internacional de Ajedrez de La Roda"]
[Site "La Roda (Albacete) - ESPAÑA"]
[Date "2017.04.16"]
[Round "8"]
[Board "18"]
[White "Shevchenko, Kirill"]
[Black "Aymerich Rosell, Pablo"]
[Result "1-0"]
[WhiteElo "2491"]
[BlackElo "2174"]
[PlyCount "151"]
[EventDate "2017.04.12"]
[EventRounds "9"]
[EventCountry "ESP"]

1. e4 d5 2. exd5 Qxd5 3. Nc3 Qd6 4. d4 Nf6 5. Nf3 c6 6. g3 Bf5 7. Bg2 h6 8. O-O
e6 9. Bf4 Qd8 10. a3 Be7 11. Qe2 O-O 12. Rfe1 Nbd7 13. Ne5 Re8 14. Rad1 Nd5 15.
Nxd5 exd5 16. c4 Nf6 17. c5 Nd7 18. Qh5 Be6 19. Rd2 Nf6 20. Qd1 Nd7 21. Nf3 Nf8
22. Qb3 Qc8 23. Rde2 Ng6 24. Bd2 Rb8 25. Qa4 a6 26. Ne5 Nxe5 27. Rxe5 Bf6 28.
R5e2 Qd7 29. Bf4 Rbc8 30. Be5 Bg4 31. f3 Bxe5 32. dxe5 Bf5 33. Qd4 Re7 34. Kf2
Rce8 35. g4 Bh7 36. h3 f6 37. f4 fxe5 38. Rxe5 Rxe5 39. Rxe5 Rxe5 40. Qxe5 Qd8
41. f5 Kf8 42. Ke3 Qe7 43. Kd4 Qd8 44. b4 Bg8 45. Qd6+ Qe7 46. h4 Kf7 47. Qg6+
Kf8 48. Qd6 Kf7 49. Qxe7+ Kxe7 50. Ke5 Bf7 51. Bf3 Be8 52. Be2 Bf7 53. g5 hxg5
54. hxg5 Be8 55. Bg4 Bf7 56. a4 Be8 57. f6+ gxf6+ 58. gxf6+ Kd8 59. Ke6 Bd7+
60. Kd6 Be8 61. Be6 d4 62. f7 Bxf7 63. Bxf7 d3 64. Bh5 d2 65. Ke6 Kc7 66. a5
Kb8 67. Ke5 Ka7 68. Kd4 Kb8 69. Kd3 d1=Q+ 70. Bxd1 Ka7 71. Kd4 Kb8 72. Ke5 Kc7
73. Bg4 Kb8 74. Kd6 Ka8 75. Kc7 Ka7 76. Bc8 1-0

[Event "44º Torneo Internacional de Ajedrez de La Roda"]
[Site "La Roda (Albacete) - ESPAÑA"]
[Date "2017.04.16"]
[Round "8"]
[Board "19"]
[White "Iruzubieta Villaluenga, Jesus"]
[Black "Dominguez Fernandez, Angel I"]
[Result "1-0"]
[WhiteElo "2434"]
[BlackElo "2182"]
[PlyCount "83"]
[EventDate "2017.04.12"]
[EventRounds "9"]
[EventCountry "ESP"]

1. e4 c5 2. Nf3 Nc6 3. d4 cxd4 4. Nxd4 Nf6 5. Nc3 e5 6. Ndb5 d6 7. Bg5 a6 8.
Na3 Be6 9. Nc4 Rc8 10. Bxf6 Qxf6 11. Nb6 Rb8 12. Ncd5 Qd8 13. c3 Be7 14. Bc4
O-O 15. O-O Bg5 16. Qe2 Ne7 17. Rad1 Bxd5 18. Nxd5 Nxd5 19. Rxd5 b5 20. Bb3 Qb6
21. Rfd1 Be7 22. Qg4 a5 23. R5d3 a4 24. Bd5 Qc7 25. a3 Kh8 26. Rh3 g6 27. Ba2
Qc8 28. Qe2 f5 29. exf5 Rxf5 30. Bb1 Rf6 31. Rf3 Qc5 32. Rxf6 Bxf6 33. Be4 Be7
34. g3 Kg7 35. Kg2 Rf8 36. h4 h6 37. Rd5 Qb6 38. Rd2 h5 39. Qd3 Rf6 40. Qd5 Qc5
41. Qb7 Rf7 42. Bd5 1-0